Giá trị di sản Hồ Chí Minh trong thời đại ngày nay
Wedi'i Gadw mewn:
| Prif Awdur: | |
|---|---|
| Fformat: | Llyfr |
| Cyhoeddwyd: |
Hà Nội
Thanh Niên
2010
|
| Pynciau: | |
| Tagiau: |
Ychwanegu Tag
Dim Tagiau, Byddwch y cyntaf i dagio'r cofnod hwn!
|
| Thư viện lưu trữ: | Trung tâm Học liệu Lê Vũ Hùng, Trường Đại học Đồng Tháp |
|---|
| LEADER | 00797pam a22002538a 4500 | ||
|---|---|---|---|
| 001 | 00036826 | ||
| 005 | 20180612140608.0 | ||
| 008 | 170330s2010 ||||||Viesd | ||
| 020 | # | # | |c 32000 |
| 041 | 0 | # | |a Vie |
| 082 | 1 | 4 | |a 335.434 6 |b GI100TR |
| 100 | 0 | # | |a Bùi, Đình Phong |
| 245 | 0 | 0 | |a Giá trị di sản Hồ Chí Minh trong thời đại ngày nay |c Bùi Đình Phong |
| 260 | # | # | |a Hà Nội |b Thanh Niên |c 2010 |
| 300 | # | # | |a 195tr. |c 21 cm. |
| 653 | # | # | |a Giá trị |
| 653 | # | # | |a Đạo đức |
| 653 | # | # | |a Việt Nam |
| 653 | # | # | |a Hồ Chí Minh |
| 653 | # | # | |a Tư tưởng |
| 852 | # | # | |j KD.0019662 |j KM.0024897 |
| 852 | # | # | |b Kho đọc |j KD.0019662 |
| 910 | |d 30/03/2017 | ||
| 980 | # | # | |a Trung tâm Học liệu Lê Vũ Hùng, Trường Đại học Đồng Tháp |